[Event "AUTO-ADV-1721"]
[Site "http://www.queenalice.com/game.php?id=758217"]
[Date "2010.4.8"]
[Round "1"]
[White "FMP"]
[Black "reibas"]
[Result "1-0"]
[WhiteElo "1926"]
[BlackElo "1766"]

1. e4 c5 2. Nf3 d6 3. c3 Nc6 4. d4 cxd4 5. cxd4 e6 6. d5 exd5 7. exd5 Nb8 8.
Bb5+ Bd7 9. Bxd7+ Nxd7 10. Qe2+ Qe7 11. Qxe7+ Nxe7 12. Nc3 Ng6 13. Bg5 Be7 14.
Bxe7 Nxe7 15. O-O O-O 16. Rfe1 Rae8 17. Nd4 Nc5 18. Ndb5 Nd3 19. Nxd6 Rb8 20.
Rxe7 Nxb2 21. Rb1 h6 22. Rxb2 Rbd8 23. Nxb7 Rc8 24. Rc2 g5 25. d6 Rfe8 26. d7
1-0

[Event "AUTO-ADV-1721"]
[Site "http://www.queenalice.com/game.php?id=758218"]
[Date "2010.4.8"]
[Round "1"]
[White "reibas"]
[Black "FMP"]
[Result "0-1"]
[WhiteElo "1870"]
[BlackElo "1952"]

1. e4 e5 2. Nf3 Nc6 3. Bb5 a6 4. Bxc6 dxc6 5. O-O Bg4 6. d3 Qf6 7. Nbd2 O-O-O 8.
b3 Bb4 9. Bb2 Bxd2 10. Qxd2 Bxf3 11. gxf3 Qg6+ 12. Kh1 f6 13. Rg1 Qf7 14. c4 Ne7
15. Qc3 Ng6 16. Rg4 h5 17. Rg3 Nf4 18. Qd2 Rxd3 19. Qc2 h4 20. Rgg1 Rxf3 21. Rg4
g5 22. Bc1 Qe6 23. Rg1 Nh3 24. Rg2 Rd8 25. Be3 f5 26. Bxg5 Nxg5 27. Rxg5 f4 28.
Rf5 Rg8 29. Rg1 Rxg1+ 30. Kxg1 Qg8+ 31. Kf1 h3 32. Qe2 Qg2+ 33. Ke1 Rxf2 34.
Qxf2 Qxe4+ 35. Kd1 Qxf5 36. Kd2 e4 37. Kc3 Qe5+ 38. Kc2 e3 39. Qf3 Qf5+ 40. Kd1
Qb1+ 41. Ke2 Qxa2+ 42. Ke1 Qxh2 43. Qg4+ Kb8 44. Qg8+ Ka7 45. Qg4 Qf2+ 46. Kd1
Qd2# 0-1

[Event "AUTO-ADV-1721"]
[Site "http://www.queenalice.com/game.php?id=758219"]
[Date "2010.4.8"]
[Round "1"]
[White "FMP"]
[Black "Escila"]
[Result "1-0"]
[WhiteElo "1936"]
[BlackElo "1784"]

1. e4 c5 2. Nf3 Nc6 3. d4 cxd4 4. Nxd4 g6 5. Nxc6 bxc6 6. Bc4 Bg7 7. c3 Qc7 8.
Qf3 Nf6 9. O-O O-O 10. Bf4 d6 11. Re1 Ng4 12. h3 Ne5 13. Bxe5 Bxe5 14. Na3 e6
15. Bb3 f5 16. Nc4 fxe4 17. Qxe4 Bg7 18. Qe3 Kh8 19. Qg3 e5 20. Rad1 Rf6 21. Re3
Bf5 22. Nxe5 dxe5 23. Rxe5 Rff8 24. Re3 Qxg3 25. Rxg3 Rfd8 26. Re3 Rxd1+ 27.
Bxd1 Bf8 28. b4 c5 29. a3 Rc8 30. g4 Bd7 31. f4 cxb4 32. cxb4 a5 33. Rd3 axb4
34. axb4 1-0

[Event "AUTO-ADV-1721"]
[Site "http://www.queenalice.com/game.php?id=758220"]
[Date "2010.4.8"]
[Round "1"]
[White "Escila"]
[Black "FMP"]
[Result "1-0"]
[WhiteElo "1805"]
[BlackElo "1948"]

1. e4 e5 2. Nf3 Nc6 3. d4 Nxd4 4. Nxd4 exd4 5. Qxd4 d6 6. Nc3 c6 7. Bf4 Be7 8.
Rd1 Nf6 9. Bxd6 Bxd6 10. Qxd6 Qxd6 11. Rxd6 O-O 12. Bc4 Re8 13. O-O Bg4 14. f3
Bh5 15. Rfd1 h6 16. Ne2 b5 17. g4 Bg6 18. Bb3 Rac8 19. Nd4 Nxe4 20. fxe4 Bxe4
21. Rd7 Bg6 22. Nf5 Kf8 23. Nd6 a5 24. a4 bxa4 25. Bxa4 Red8 26. Nxc8 Rxc8 27.
Rd8+ Rxd8 28. Rxd8+ Ke7 29. Rc8 1-0

[Event "QA-ANNIV-04"]
[Site "http://www.queenalice.com/game.php?id=762132"]
[Date "2010.4.16"]
[Round "8"]
[White "FMP"]
[Black "Pato"]
[Result "1/2-1/2"]
[WhiteElo "1940"]
[BlackElo "2045"]

1. e4 Nc6 2. Nf3 d6 3. Bb5 a6 4. Ba4 b5 5. Bb3 Nf6 6. d3 Bg4 7. h3 Bxf3 8. Qxf3
Nd4 9. Qd1 Nxb3 10. axb3 c5 11. Bg5 g6 12. Nc3 Bg7 13. O-O O-O 14. Ra2 Qb6 15.
Bxf6 exf6 16. Nd5 Qb7 17. Qf3 c4 18. Nxf6+ Bxf6 19. Qxf6 cxb3 20. cxb3 d5 21.
Rfa1 dxe4 22. dxe4 Qxe4 23. Rxa6 Rxa6 24. Qxa6 b4 25. Qc4 Qe5 26. Qxb4 Qxb2 27.
Qa4 Rb8 28. Ra3 Qc1+ 29. Kh2 Qb2 30. Kg1 1/2-1/2

[Event "2do TORNEO"]
[Site "http://www.queenalice.com/game.php?id=790015"]
[Date "2010.6.14"]
[Round "3"]
[White "FMP"]
[Black "BOSQUES"]
[Result "1-0"]
[WhiteElo "1933"]
[BlackElo "1878"]

1. e4 c5 2. Nf3 d6 3. Bb5+ Bd7 4. Bxd7+ Nxd7 5. O-O Ngf6 6. Qe2 g6 7. b3 Bg7 8.
Bb2 O-O 9. d3 b6 10. Nbd2 e5 11. Nc4 Nb8 12. a4 Nc6 13. Bc3 Rb8 14. Qd2 a5 15.
Nh4 Nxe4 16. dxe4 Qxh4 17. Nxd6 Rbd8 18. Rad1 Nd4 19. Bxd4 Rxd6 20. g3 Qxe4 21.
Rfe1 Qxd4 22. Qc1 Qb4 23. Rxd6 Bh6 24. Qd1 e4 25. Re2 f5 26. Rd8 c4 27. Qd5+ Kh8
28. Rxf8+ Bxf8 29. Qxc4 Qa3 30. Re1 Qb2 31. Rd1 Bc5 32. Rd8+ Kg7 33. Rd7+ Kh6
34. Qf7 Qxc2 35. Qxh7+ Kg5 36. Qh4# 1-0

[Event "QA-ANNIV-04"]
[Site "http://www.queenalice.com/game.php?id=808030"]
[Date "2010.7.24"]
[Round "9"]
[White "whyBish"]
[Black "FMP"]
[Result "1-0"]
[WhiteElo "2019"]
[BlackElo "1946"]

1. e4 e5 2. Nf3 Nc6 3. Bb5 a6 4. Ba4 Nf6 5. O-O Be7 6. Re1 b5 7. Bb3 O-O 8. d3
d6 9. c3 Na5 10. Bc2 c5 11. Nbd2 Bg4 12. Nf1 Nc6 13. Bg5 b4 14. h3 Bh5 15. Ng3
Bg6 16. Nh4 a5 17. Bb3 Kh8 18. Ngf5 h6 19. Nxe7 Qxe7 20. Nxg6+ fxg6 21. Bd2 Nh5
22. g3 Rf6 23. Bd5 Qd7 24. Kg2 Raf8 25. Re2 Ne7 26. Bc4 g5 27. Be3 g6 28. Qd2
Ng7 29. a3 Nc6 30. cxb4 axb4 31. a4 Ne6 32. a5 Ra8 33. a6 Ned4 34. Bxd4 Nxd4 35.
Re3 g4 36. hxg4 Qxg4 37. Qd1 Qd7 38. Re1 Ra7 39. Rh1 h5 40. Rxh5+ gxh5 41. Qxh5+
Qh7 42. Qe8+ Kg7 43. Rh1 Rh6 44. Rxh6 Kxh6 45. Qf8+ Kg5 46. Qxd6 Qe7 47. Qb8 Nc6
48. f4+ Kg6 49. Qg8+ Kf6 50. Qg5# 1-0

[Event "AUTO-OPEN-2102"]
[Site "http://www.queenalice.com/game.php?id=832922"]
[Date "2010.9.14"]
[Round "1"]
[White "faresjo"]
[Black "FMP"]
[Result "1-0"]
[WhiteElo "1961"]
[BlackElo "1939"]

1. e4 e5 2. Nf3 Nc6 3. Bb5 a6 4. Ba4 Nf6 5. O-O Be7 6. Re1 b5 7. Bb3 O-O 8. c3
d6 9. h3 Na5 10. Bc2 c5 11. d4 Qc7 12. d5 h6 13. Nbd2 Nh7 14. Nf1 f5 15. Ng3
fxe4 16. Nxe4 Nf6 17. Nxf6+ Bxf6 18. Qd3 Bb7 19. Qh7+ Kf7 20. Bxh6 Bxd5 21. Ng5+
Ke8 22. f4 Nc6 23. a4 bxa4 24. Bxa4 Qe7 25. fxe5 dxe5 26. Bxc6+ Bxc6 27. Qg6+
Kd8 28. Bxg7 Rg8 29. Bxf6 Rxg6 30. Bxe7+ Kxe7 31. h4 Kf6 32. Rf1+ Ke7 33. Rf7+
Ke8 34. Raf1 a5 35. Rf8+ Ke7 36. R1f7+ Kd6 37. Rf6+ Rxf6 38. Rxf6+ Kd5 39. Kf2
c4 40. Ke3 Rb8 41. Rf2 Re8 42. Rd2+ Kc5 43. g4 Rg8 44. Ne6+ Kb5 45. g5 Ka4 46.
Rd6 Bg2 47. Rb6 Rc8 48. g6 Bh3 49. h5 Bg4 50. h6 Bf5 51. g7 Bh7 52. Ng5 Bd3 53.
h7 Bxh7 54. Nxh7 Re8 55. Nf6 e4 56. Rd6 1-0

[Event "AUTO-OPEN-2102"]
[Site "http://www.queenalice.com/game.php?id=832923"]
[Date "2010.9.14"]
[Round "1"]
[White "FMP"]
[Black "faresjo"]
[Result "1/2-1/2"]
[WhiteElo "1956"]
[BlackElo "1974"]

1. e4 c5 2. Nf3 d6 3. d4 cxd4 4. Nxd4 Nf6 5. Nc3 g6 6. Be3 Bg7 7. f3 O-O 8. Qd2
Nc6 9. O-O-O Ne5 10. f4 Neg4 11. h3 Nxe3 12. Qxe3 a6 13. Bc4 b5 14. Bb3 Bb7 15.
g4 b4 16. Nd5 Nxd5 17. Bxd5 Qc7 18. f5 Rac8 19. Rd2 Bxd5 20. exd5 Qa7 21. Qe4
Bxd4 22. Qxd4 Qxd4 23. Rxd4 a5 24. Re1 Rc7 25. b3 Rfc8 26. Re2 Rc3 27. fxg6 hxg6
28. h4 R8c7 29. Rde4 Kf8 30. Kb2 Rh3 31. g5 Rhc3 32. R4e3 R3c5 33. Rd2 Rc3 34.
Red3 R7c5 1/2-1/2

[Event "AUTO-OPEN-2102"]
[Site "http://www.queenalice.com/game.php?id=832948"]
[Date "2010.9.14"]
[Round "1"]
[White "Givanildo"]
[Black "FMP"]
[Result "0-1"]
[WhiteElo "1563"]
[BlackElo "1947"]

1. e4 e5 2. Bc4 Nf6 3. Qf3 d6 4. d3 Nc6 5. c3 Be7 6. h4 Bg4 7. Qg3 Qd7 8. f3 Nh5
9. Qf2 Be6 10. Bxe6 Qxe6 11. Bg5 Bxg5 12. hxg5 Nf4 13. Qe3 Nxg2+ 14. Ke2 Nxe3
15. Kxe3 Qg6 16. Nh3 h6 17. Nd2 hxg5 18. Nf4 gxf4+ 19. Kf2 Qg3+ 20. Ke2 Qg2+ 21.
Ke1 Rxh1+ 22. Nf1 Rxf1# 0-1

[Event "AUTO-OPEN-2102"]
[Site "http://www.queenalice.com/game.php?id=832949"]
[Date "2010.9.14"]
[Round "1"]
[White "FMP"]
[Black "Givanildo"]
[Result "1-0"]
[WhiteElo "1949"]
[BlackElo "1623"]

1. e4 e5 2. Nf3 Qf6 3. d3 Bc5 4. Nc3 c6 5. Na4 Bd4 6. c3 Bb6 7. Nxb6 axb6 8. Be3
d6 9. Bxb6 Bg4 10. Be2 h6 11. h3 Bxf3 12. Bxf3 g6 13. d4 Nd7 14. dxe5 Nxe5 15.
Bd4 Nxf3+ 16. gxf3 Qh4 17. Bxh8 O-O-O 18. Bd4 c5 19. Be3 Nf6 20. Qc2 b5 21.
O-O-O d5 22. exd5 Nxd5 23. Bxc5 Qf4+ 24. Be3 Qxf3 25. Bxh6 b4 26. cxb4+ Kb8 27.
Qd2 Ka8 28. Be3 Rc8+ 29. Kb1 Qf5+ 30. Qd3 Rc3 31. bxc3 Nxc3+ 32. Kc2 Nxd1 33.
Qxf5 Nxe3+ 34. fxe3 gxf5 35. Rf1 Kb7 36. Rxf5 Kc6 37. Rxf7 Kb5 38. a3 Ka4 39.
Kb2 Kb5 40. h4 Ka4 41. h5 Kb5 42. h6 Ka4 43. h7 Kb5 44. h8=Q Ka4 45. Qh6 Kb5 46.
Rf5+ Ka4 47. Qa6# 1-0

[Event "AUTO-OPEN-2102"]
[Site "http://www.queenalice.com/game.php?id=832966"]
[Date "2010.9.14"]
[Round "1"]
[White "FMP"]
[Black "chaosagent"]
[Result "1-0"]
[WhiteElo "1925"]
[BlackElo "1725"]

1. e4 c5 2. Nf3 d6 3. d4 cxd4 4. Nxd4 Nf6 5. Nc3 e5 6. Bb5+ Bd7 7. Bxd7+ Qxd7 8.
O-O g6 9. Nf3 Bg7 10. Bg5 Nc6 11. Re1 O-O 12. Qd2 h6 13. Bh4 g5 14. Bg3 Rac8 15.
Nb5 a6 16. Qxd6 Qxd6 17. Nxd6 Rb8 18. Nf5 Rfe8 19. Nxg7 Kxg7 20. c3 Rbd8 21. h3
Nh5 22. Bh2 Nf6 23. Re2 Rd6 24. Rae1 Na5 25. Nxe5 Rde6 26. f4 Nc6 27. Nxc6 Rxc6
28. fxg5 hxg5 29. e5 Nd5 30. Rd1 Nb6 31. Rd4 Rce6 32. Kf2 Kg6 33. g4 R8e7 34.
Rd6 Nc4 35. Rxe6+ Rxe6 36. b3 Nb6 37. c4 Nd7 38. b4 f5 39. Kf3 Nb6 40. c5 Nc4
41. a4 Na3 42. Ke3 Nc4+ 43. Kd3 Na3 44. gxf5+ Kxf5 45. Rf2+ Kg6 46. Ke4 Nb1 47.
Kd5 Re8 48. e6 Nc3+ 49. Ke5 Nxa4 50. Rf6+ Kh5 51. Kd6 1-0

[Event "AUTO-OPEN-2102"]
[Site "http://www.queenalice.com/game.php?id=832967"]
[Date "2010.9.14"]
[Round "1"]
[White "chaosagent"]
[Black "FMP"]
[Result "0-1"]
[WhiteElo "1617"]
[BlackElo "1936"]

1. e4 e5 2. Nf3 Nc6 3. Bb5 a6 4. Ba4 Nf6 5. O-O Be7 6. Re1 b5 7. Bb3 O-O 8. c3
d6 9. d4 Bg4 10. h3 Bh5 11. Be3 Na5 12. Bc2 Nc4 13. b3 Nxe3 14. Rxe3 exd4 15.
Qxd4 Nd7 16. Nbd2 Bf6 17. Qd3 Bg6 18. Rd1 Nc5 19. Qe2 Bh5 20. g4 Bg6 21. Qf1 Re8
22. Rde1 d5 23. Bb1 dxe4 24. Nxe4 Nxe4 25. Bxe4 Bxe4 26. Rxe4 Rxe4 27. Rxe4 Bxc3
28. Qc1 Ba5 29. Rd4 Qf6 30. Rf4 Qh6 31. Kg2 Bb6 32. Qd2 c6 33. Kg3 Bc7 34. Qd4
Qxf4+ 35. Qxf4 Bxf4+ 36. Kxf4 f6 37. Nd4 Rc8 38. Kf5 Kf7 39. Ne6 g6+ 0-1

[Event "AUTO-ADV-1721"]
[Site "http://www.queenalice.com/game.php?id=850924"]
[Date "2010.10.26"]
[Round "2"]
[White "gedalias"]
[Black "FMP"]
[Result "0-1"]
[WhiteElo "2024"]
[BlackElo "1933"]

1. e4 e5 2. Nf3 Nc6 3. Bb5 a6 4. Ba4 Nf6 5. O-O b5 6. Bb3 Bb7 7. Ng5 d5 8. exd5
Nxd5 9. Qf3 Qxg5 10. Bxd5 Qf6 11. d3 Qxf3 12. Bxf3 Bd6 13. Nd2 Rb8 14. b3 O-O
15. c3 Rfd8 16. Bb2 Ne7 17. Bxb7 Rxb7 18. Nf3 c5 19. c4 Ng6 20. Rae1 Re7 21. Re3
b4 22. Rfe1 f6 23. Nh4 Nxh4 24. Re4 Nf5 25. Bc1 Bc7 26. g4 Nd4 27. Kg2 h6 28. f4
Kf7 29. fxe5 Rxe5 30. Bb2 Rxe4 31. dxe4 Be5 32. Rd1 Re8 33. h3 Nxb3 34. Bxe5
Rxe5 35. axb3 Rxe4 36. Kf3 Re5 37. Ra1 Re6 38. Ra5 Rc6 39. Ke4 Ke6 40. Ra1 g6
41. Rd1 f5+ 42. gxf5+ gxf5+ 43. Kf4 Rd6 44. Re1+ Kf6 45. Re8 Rd4+ 46. Ke3 f4+
47. Ke2 Kf5 48. Rc8 Re4+ 49. Kf2 Re5 50. Rc6 h5 51. Rxa6 Kg5 52. Rd6 Kh4 53. Rd3
Re3 54. Rxe3 fxe3+ 55. Kxe3 Kxh3 56. Kf4 h4 57. Kf3 Kh2 58. Kf2 h3 59. Kf1 Kg3
0-1

[Event "AUTO-ADV-1721"]
[Site "http://www.queenalice.com/game.php?id=850925"]
[Date "2010.10.26"]
[Round "2"]
[White "FMP"]
[Black "gedalias"]
[Result "0-1"]
[WhiteElo "1924"]
[BlackElo "2064"]

1. e4 c5 2. Nf3 Nc6 3. d4 cxd4 4. Nxd4 e6 5. Nc3 Nf6 6. Ndb5 d6 7. Bf4 e5 8. Bg5
a6 9. Na3 Be7 10. Be2 Be6 11. O-O Qc7 12. Bxf6 Bxf6 13. Nd5 Bxd5 14. exd5 Nd4
15. Bd3 Qd7 16. c3 Nf5 17. Qg4 Nh6 18. Qxd7+ Kxd7 19. Rac1 g6 20. f4 exf4 21.
Rxf4 Bg5 22. Rcf1 Bxf4 23. Rxf4 b5 24. Nc2 Rae8 25. Nd4 Re3 26. Bc2 Rhe8 27. Kf2
f5 28. h3 Ng8 29. Ne6 Re5 30. Rd4 Nf6 31. Nf4 g5 32. Kf3 gxf4 33. Kxf4 Nxd5+ 34.
Kg3 Nf6 35. Rf4 Nh5+ 0-1

[Event "AUTO-ADV-1721"]
[Site "http://www.queenalice.com/game.php?id=850928"]
[Date "2010.10.26"]
[Round "2"]
[White "FMP"]
[Black "marcosweck"]
[Result "0-1"]
[WhiteElo "1957"]
[BlackElo "1832"]

1. e4 d6 2. d4 g6 3. Nc3 Nf6 4. f4 Bg7 5. Nf3 O-O 6. Bd3 Bg4 7. h3 Bxf3 8. Qxf3
Nbd7 9. e5 Ne8 10. Qxb7 c5 11. Be3 cxd4 12. Bxd4 dxe5 13. fxe5 Nxe5 14. Bxe5
Bxe5 15. O-O Bxc3 16. bxc3 Nd6 17. Qb4 a5 18. Qd4 Qc7 19. Rf3 Rfc8 20. Be2 Qa7
21. Bd3 Rxc3 22. Qxa7 Rxa7 23. Rb1 Kg7 24. Rb3 Rc5 0-1

[Event "AUTO-ADV-1721"]
[Site "http://www.queenalice.com/game.php?id=850929"]
[Date "2010.10.26"]
[Round "2"]
[White "marcosweck"]
[Black "FMP"]
[Result "0-1"]
[WhiteElo "1801"]
[BlackElo "1914"]

1. Nf3 Nc6 2. g3 e5 3. d3 d5 4. Bg2 Nf6 5. O-O Be7 6. Nbd2 Bg4 7. h3 Bh5 8. Re1
O-O 9. c4 dxc4 10. dxc4 Bb4 11. a3 Bd6 12. b4 Rb8 13. c5 Be7 14. Bb2 e4 15. Nh2
Bg6 16. Nc4 Qxd1 17. Raxd1 Rbd8 18. Ne5 Nxe5 19. Bxe5 Nd5 20. e3 f6 21. Bd4 f5
22. f3 exf3 23. Nxf3 c6 24. Ne5 Bf6 25. Nxg6 hxg6 26. Bxd5+ Rxd5 27. Bxf6 gxf6
28. Rxd5 cxd5 29. Rd1 Rd8 30. Kf2 Kf7 31. g4 Ke6 32. Kf3 fxg4+ 33. hxg4 g5 34.
Rd4 Ke5 35. Ke2 Rh8 36. a4 Rh2+ 37. Kd3 b6 38. cxb6 axb6 39. b5 Rh4 40. a5 bxa5
41. Ra4 f5 42. Rxa5 Rxg4 43. b6 Rb4 44. Ra6 f4 45. exf4+ gxf4 46. Kc3 Rb5 47.
Kd3 f3 48. Ke3 Rb3+ 49. Kf2 Ke4 50. Ra4+ d4 51. Ra7 Rb2+ 52. Kf1 Rxb6 53. Re7+
Kd3 54. Rf7 Ke3 55. Re7+ Kd2 56. Rf7 Rb3 57. Kf2 Re3 58. Rd7 Rd3 59. Rd5 Kc2 60.
Rc5+ Rc3 61. Rf5 d3 0-1

[Event "2do TORNEO"]
[Site "http://www.queenalice.com/game.php?id=895617"]
[Date "2011.2.4"]
[Round "5"]
[White "FMP"]
[Black "RIVAS"]
[Result "0-1"]
[WhiteElo "1963"]
[BlackElo "2220"]

1. e4 e6 2. d4 d5 3. e5 c5 4. c3 Nc6 5. Nf3 Qb6 6. Be2 cxd4 7. cxd4 Nge7 8. O-O
Nf5 9. Be3 Qxb2 10. Nbd2 Nfxd4 11. Bxd4 Nxd4 12. Nxd4 Qxd4 13. Nf3 Qxd1 14.
Rfxd1 Bd7 15. Rab1 Bc6 16. Nd4 Be7 17. Nxc6 bxc6 18. Rb7 Bg5 19. Rc7 Bf4 20.
Rxc6 Bxe5 21. Rdc1 Ke7 22. g3 Rab8 23. Bd3 Rb2 24. a4 Rd2 25. Bb5 Bd4 26. Rc7+
Kf6 27. Rf1 Ra8 28. Bc6 Rd8 29. Bb5 e5 30. h4 e4 31. g4 Ke6 32. Rc6+ Rd6 33. Rc8
a6 0-1

[Event "AUTO-ADV-2074"]
[Site "http://www.queenalice.com/game.php?id=901499"]
[Date "2011.2.16"]
[Round "1"]
[White "Barbudo"]
[Black "FMP"]
[Result "0-1"]
[WhiteElo "1758"]
[BlackElo "1953"]

1. e4 e5 2. Nf3 Nc6 3. Bb5 a6 4. Bxc6 dxc6 5. Nxe5 Qd4 6. Nf3 Qxe4+ 7. Qe2 Qxe2+
8. Kxe2 Bg4 9. Re1 O-O-O 10. h3 Re8+ 11. Kf1 Rxe1+ 12. Nxe1 Bf5 13. d3 Bc5 14.
a3 Nf6 15. Nf3 h6 16. b4 Bb6 17. Nbd2 Re8 18. Bb2 c5 19. Bxf6 gxf6 20. g4 Bg6
21. Re1 Rxe1+ 22. Kxe1 cxb4 23. axb4 h5 24. Ke2 hxg4 25. hxg4 Kd7 26. c4 c5 27.
bxc5 Bxc5 28. Ne4 Bxe4 29. dxe4 Kc6 30. Nd2 Bb4 31. Nb1 Kd6 32. Kd3 Ke5 33. f3
Kf4 34. Ke2 a5 35. Nd2 Bxd2 36. Kxd2 Kxf3 37. Kd3 Kxg4 38. Kd4 a4 39. Kc3 Kf4
40. Kb4 Kxe4 41. Kxa4 Kd4 42. Kb5 f5 43. c5 f4 0-1

[Event "AUTO-ADV-2074"]
[Site "http://www.queenalice.com/game.php?id=901500"]
[Date "2011.2.16"]
[Round "1"]
[White "FMP"]
[Black "Barbudo"]
[Result "1-0"]
[WhiteElo "1961"]
[BlackElo "1713"]

1. e4 e5 2. Nf3 Nc6 3. Bb5 Nge7 4. Nc3 a6 5. Ba4 b5 6. Bb3 h6 7. d3 Na5 8. Nxe5
Nxb3 9. axb3 d6 10. Nf3 Ng6 11. Nxb5 Be6 12. Nbd4 Bg4 13. h3 Bxf3 14. Qxf3 Ne5
15. Qe2 Be7 16. Nf5 O-O 17. d4 Nd7 18. O-O Bf6 19. Rxa6 Rxa6 20. Qxa6 Nb8 21.
Qd3 Nc6 22. c3 Na5 23. b4 Nb7 24. Bf4 Bg5 25. Qe3 Qf6 26. Bxg5 hxg5 27. f4 gxf4
28. Rxf4 Qg5 29. Rf3 Qxe3+ 30. Rxe3 Nd8 31. Rg3 g6 32. Nh6+ Kg7 33. Ng4 Ne6 34.
Re3 f5 35. exf5 gxf5 36. Rxe6 fxg4 37. hxg4 Rf4 38. Re7+ Kf6 39. Rxc7 Rxg4 40.
b5 Rg8 41. c4 Rg4 42. d5 Rg3 43. b6 Rb3 44. b7 Ke5 45. Kh2 Rxb2 46. Kh3 Rb4 47.
g3 Kd4 48. g4 1-0

[Event "AUTO-ADV-2074"]
[Site "http://www.queenalice.com/game.php?id=901513"]
[Date "2011.2.16"]
[Round "1"]
[White "Navi"]
[Black "FMP"]
[Result "1-0"]
[WhiteElo "2129"]
[BlackElo "1957"]

1. e4 e5 2. Nf3 Nc6 3. Bb5 a6 4. Bxc6 dxc6 5. d3 Bg4 6. a3 Qf6 7. Nbd2 Bc5 8.
Nc4 Bxf3 9. Qxf3 Qxf3 10. gxf3 f6 11. f4 exf4 12. Bxf4 O-O-O 13. f3 Ne7 14.
O-O-O Ng6 15. Bg3 Rhe8 16. c3 Ne5 17. Nxe5 fxe5 18. Kc2 Be3 19. Rde1 Bf4 20. Bf2
b6 21. h4 g5 22. hxg5 Re7 23. Bh4 Rg7 24. g6 Rdd7 25. gxh7 Rxh7 26. Bf2 c5 27.
c4 Rdg7 28. Rxh7 Rxh7 29. Kd1 Rh3 30. Ke2 Rh2 31. Rf1 Kd7 32. Rg1 b5 33. cxb5
axb5 34. b3 Kc6 35. Kf1 Rh6 36. Ke2 Kd6 37. Rg2 Bc1 38. a4 bxa4 39. bxa4 Bb2 40.
Be3 Rf6 41. Bg5 Rf7 42. Rg4 Kc6 43. Bd2 Kb6 44. f4 exf4 45. Rxf4 Rd7 46. Rf5 Re7
47. Rd5 c6 48. Rd8 Ra7 49. Rb8+ Rb7 50. a5+ 1-0

[Event "AUTO-ADV-2074"]
[Site "http://www.queenalice.com/game.php?id=901514"]
[Date "2011.2.16"]
[Round "1"]
[White "FMP"]
[Black "Navi"]
[Result "0-1"]
[WhiteElo "1948"]
[BlackElo "2136"]

1. e4 e5 2. Nf3 d6 3. d4 exd4 4. Nxd4 g6 5. Nc3 Bd7 6. Be3 Bg7 7. Bc4 c6 8. Nf3
Be6 9. Bxe6 fxe6 10. Bg5 Qc7 11. Qd3 Nd7 12. Rd1 d5 13. exd5 cxd5 14. O-O a6 15.
Rfe1 Nc5 16. Qxd5 Ne7 17. Qd6 Qxd6 18. Rxd6 Nc6 19. Nd5 Kf7 20. Nf4 Rhe8 21. c3
h6 22. Bh4 g5 23. Nxg5+ hxg5 24. Bxg5 a5 25. a3 Rac8 26. b4 Bxc3 27. Rc1 axb4
28. axb4 Bxb4 29. Nd3 Nxd3 30. Rxd3 Ne5 31. Rdd1 Rxc1 32. Rxc1 Nc6 33. Rd1 b6
34. Rd7+ Ne7 35. Rb7 Bc5 36. Be3 Rd8 37. g3 Bxe3 38. fxe3 Rd6 39. Kg2 Rd2+ 40.
Kh3 Re2 41. Rxb6 Rxe3 42. Rb7 Kf6 43. Kg4 Nf5 44. Rb4 Rc3 45. Rf4 Rc4 46. h3
Rxf4+ 47. Kxf4 e5+ 0-1

[Event "AUTO-ADV-2074"]
[Site "http://www.queenalice.com/game.php?id=901523"]
[Date "2011.2.16"]
[Round "1"]
[White "FMP"]
[Black "Samba4"]
[Result "0-1"]
[WhiteElo "1973"]
[BlackElo "2116"]

1. e4 g6 2. d4 Bg7 3. Nc3 d6 4. Be3 Nc6 5. Bb5 Bd7 6. Nf3 a6 7. Ba4 e6 8. O-O
Nf6 9. Bg5 h6 10. Bh4 g5 11. Bg3 Nh5 12. Re1 O-O 13. e5 b5 14. Bb3 Nxg3 15. fxg3
Na5 16. Ne4 Nxb3 17. axb3 f5 18. exf6 Bxf6 19. Nxf6+ Qxf6 20. c3 Bc6 21. Rf1 Qg6
22. Qe2 Bb7 23. Rae1 Rae8 24. Qd2 Rf7 25. Re3 Rfe7 26. c4 c6 27. Rfe1 c5 28. d5
e5 29. Re4 Rf7 30. b4 Rc8 31. b3 Rfc7 32. bxc5 Rxc5 33. Qe2 a5 34. Nd2 bxc4 35.
bxc4 Ba6 36. Ra1 Rxd5 37. Nb3 Rb8 38. Rxa5 Rxa5 39. Nxa5 Rb1+ 40. Kf2 d5 41.
Rxe5 Qf6+ 0-1

[Event "AUTO-ADV-2074"]
[Site "http://www.queenalice.com/game.php?id=901524"]
[Date "2011.2.16"]
[Round "1"]
[White "Samba4"]
[Black "FMP"]
[Result "1/2-1/2"]
[WhiteElo "2113"]
[BlackElo "1967"]

1. d4 d5 2. c4 Nf6 3. Nc3 e6 4. Nf3 c6 5. Bf4 Bb4 6. e3 Ne4 7. Qc2 Qa5 8. Rc1
Qxa2 9. Bd3 Bxc3+ 10. bxc3 Qxc2 11. Rxc2 O-O 12. Ke2 Nd7 13. Nd2 Ndf6 14. h3 h6
15. f3 Nxd2 16. Kxd2 Nh5 17. Bd6 Rd8 18. Bh2 a5 19. Ra1 b6 20. Bc7 Rd7 21. Bxb6
a4 22. Rca2 Rb7 23. Bc5 Bd7 24. Rxa4 Rxa4 25. Rxa4 Rb2+ 26. Bc2 dxc4 27. Rxc4
Ng3 28. Ra4 Nf1+ 29. Kc1 Rb8 30. Bd6 Rc8 31. Ra7 Be8 32. Bd3 Nxe3 33. Ba6 Rd8
34. Kd2 Nxg2 35. Bg3 f5 36. f4 h5 37. h4 c5 38. Bf1 Bc6 39. Kd3 cxd4 40. cxd4
Be4+ 41. Kc3 Rc8+ 42. Kb4 Ne3 43. Ba6 Rc1 44. Bf2 Ng2 45. Bg3 Rh1 46. Re7 Bd5
47. Bc8 Kf8 48. Rc7 Nxh4 49. Bf2 Ng2 50. Bg3 h4 51. Bf2 Nxf4 52. Be3 Nd3+ 53.
Kc3 Rc1+ 54. Bxc1 Nxc1 55. Kd2 Nb3+ 56. Ke3 h3 57. Rc2 g5 58. Ba6 g4 59. Bf1 Kf7
60. Rh2 Kg6 61. Bxh3 gxh3 62. Rxh3 Na5 63. Kf4 Nc6 64. Rg3+ Kf6 65. Rd3 Be4 66.
Rd2 e5+ 67. dxe5+ Nxe5 68. Rd6+ 1/2-1/2